000 00514nam a2200181Ia 4500
005 20250326141428.0
008 250326s9999 xx 000 0 und d
037 _aTextbook
040 _aFMSL
_beng
_cFMSL
041 _aeng
_2eng
084 _aX:97.44 N2
_qFMSL
100 _aSodhi J S
245 0 _aIndustrial relation in India.
_cSodhi J S; Ahluwalia S P S
260 _aNew Delhi
_bNew Delhi, Siri Ram centre
_c1992
300 _a313p
942 _cTB
_hX:97.44 N2
999 _c1290269
_d1290269